000 00761cab a2200229 4500
001 ##ABS51029
008 090401t1994 xxu||||| |||| 00| 0 eng d
035 _a(Sirsi) u5777
041 0 _aeng
100 _aRidout, G.
245 0 0 _aL breaks loose
260 _c1994
350 _a0
490 _aBuilding
_v259(7855) 5 August 1994, 34-35(2)
520 _aLooks at the Standard Assessment Procedure energy rating system, which has been included in the new edition of Part L of the Building Regulations.
650 2 4 _aSTANDARD ASSESSMENT PROCEDURE
650 2 4 _aBUILDING REGULATIONS 1991 APPROVED DOCUMENT L (1995 EDITION)
651 4 _aEngland and Wales
_y1543-
690 _aBUILT ENVIRONMENT-BUILDING STANDARDS
942 _n0
948 _c04/03/1997
999 _c3447
_d3447